Vitamin D : (Record no. 352782)

000 -LEADER
fixed length control field 02805 a2200253 4500
003 - CONTROL NUMBER IDENTIFIER
control field OSt
005 - DATE AND TIME OF LATEST TRANSACTION
control field 20180116192346.0
008 - FIXED-LENGTH DATA ELEMENTS--GENERAL INFORMATION
fixed length control field 120530t xxu||||| |||| 00| 0 eng d
020 ## - INTERNATIONAL STANDARD BOOK NUMBER
International Standard Book Number 0714845450 (hbk.)
020 ## - INTERNATIONAL STANDARD BOOK NUMBER
International Standard Book Number 9780714845456
040 ## - CATALOGING SOURCE
Transcribing agency 0
082 ## - DEWEY DECIMAL CLASSIFICATION NUMBER
Classification number 741.9242
245 00 - TITLE STATEMENT
Title Vitamin D :
Remainder of title new perspectives in drawing /
Statement of responsibility, etc. [authors, Johanna Burton ... et al.].
246 30 - VARYING FORM OF TITLE
Title proper/short title New perspectives in drawing
260 ## - PUBLICATION, DISTRIBUTION, ETC.
Place of publication, distribution, etc. London :
-- New York :
Name of publisher, distributor, etc. Phaidon. ;
Date of publication, distribution, etc. 2005.
300 ## - PHYSICAL DESCRIPTION
Extent 351 p. :
Other physical details ill. (some col.) ;
Dimensions 30 cm.
500 ## - GENERAL NOTE
General note Includes bibliographical references and index.
505 ## - FORMATTED CONTENTS NOTE
Formatted contents note |a Preface -- Introduction / by Emma Dexter -- D-L Alvarez -- Francis Alÿs -- Ryoko Aoki -- Kaoru Arima -- Silvia Bächli -- Devendra Banhart -- Anna Barriball -- Shannon Bool -- Michaël Borremans -- Andrea Bowers -- Jesse Bransford -- Fernando Bryce -- Cai Guo-Qiang -- Ernesto Caivano -- Los Carpinteros -- Raimond Chaves -- Sandra Cinto -- Russell Crotty -- Roberto Cuoghi -- John Currin -- Amy Cutler -- Jeff Davis -- Tacita Dean -- Trisha Donnelly -- Marlene Dumas -- Sam Durant -- Marcel Dzama -- Memed Erdener -- Simon Evans -- Simon Faithfull -- Spencer Finch -- Urs Fischer -- Roland Flexner -- Ellen Gallagher -- Matt Greene -- Joseph Grigely -- Anna Sigmond Gudmundsdottir -- Daniel Guzman -- Sebastian Hammwöhner -- Trenton Doyle Hancock -- Björn Hegardt -- Arturo Herrera -- Nobuya Hoki -- Christian Holstad -- Huang Yong Ping -- Dean Hughes -- Gareth James -- Yun-Fei Ji -- Chris Johanson -- Kerstin Kartscher -- William Kentridge -- Toba Khedoori -- Dr. Lakra -- Michael Landy --- 5050 |9 |a Ricardo Lanzarini -- Graham Little -- Mark Lombardi -- Mindaugas Lukosaitis -- Marco Maggi -- Frank Magnotta -- Mark Manders -- Yuri Masnyj -- Dominic McGill -- Julie Mehretu -- Jean-François Moriceau and Petra Mrzyk -- Claudia and Julia Müller -- Dave Muller -- Vik Muniz -- David Musgrave -- Wangechi Mutu -- Yoshitomo Nara -- Paul Noble -- Jockum Nordström -- Glexis Novoa -- Roman Ondák -- Robyn O'Neil -- Gabriel Orozco -- Pavel Pepperstein -- Peter Peri -- Dan Perjovschi -- Raymond Pettibon -- Elizabeth Peyton -- Chloe Piene -- Fernando Renes -- Robin Rhode -- Matthew Ritchie -- Frances Richardson -- Serse -- Silke Schatz -- Anne-Marie Schneider -- Steven Shearer -- David Shrigley -- Simone Shubuck -- James Siena -- Shahzia Sikander -- Lucy Skaer -- Torsten Slama -- Josh Smith -- Zak Smith -- Nedko Solakov -- Hayley Tompkins -- Susan Turcot -- Banks Violette -- Amelie von Wulffen -- Kara Walker -- Ola
650 10 - SUBJECT ADDED ENTRY--TOPICAL TERM
Topical term or geographic name entry element Drawing
Chronological subdivision 20th century.
9 (RLIN) 2641
650 10 - SUBJECT ADDED ENTRY--TOPICAL TERM
Topical term or geographic name entry element Drawing
Chronological subdivision 21st century.
9 (RLIN) 2642
700 1# - ADDED ENTRY--PERSONAL NAME
Relator code Burton, Johanna.
-- Dexter, Emma.
9 (RLIN) 2643
942 ## - ADDED ENTRY ELEMENTS (KOHA)
Institution code [OBSOLETE] SADA
Koha item type Book
Call number prefix 741.9242 VIT 2005
Source of classification or shelving scheme
Holdings
Withdrawn status Lost status Source of classification or shelving scheme Damaged status Not for loan Permanent Location Current Location Date acquired Total Checkouts Full call number Barcode Date last seen Date last checked out Cost, replacement price Price effective from Koha item type
          School of Art Design and Architecture (SADA) School of Art Design and Architecture (SADA) 04/12/2011 1 741.9242 VIT 2005 SADA0000784 10/03/2013 09/27/2013 4973.00 08/05/2011 Book
© 2023 Central Library, National University of Sciences and Technology. All Rights Reserved.